|
|
|
|
| LEADER |
00000cam a2200000 a 4500 |
| 001 |
vtls009354790 |
| 003 |
SK-MaSNL |
| 005 |
20260301024317.0 |
| 008 |
230403s1964 hu g 000 f hun |
| 015 |
|
|
|a SNBZSA2014-002510
|
| 020 |
|
|
|q (viaz.)
|
| 035 |
|
|
|a C6C7F736-5DCC-4AD5-88C4-987D209C652D
|
| 035 |
|
|
|a urn:nbn:sk:snk-amk7y3
|
| 035 |
|
|
|a urn:nbn:sk:snk-am008a3n
|
| 040 |
|
|
|a SNK
|b slo
|c SNK
|e AACR2
|
| 041 |
0 |
|
|a hun
|
| 044 |
|
|
|a hu
|c HU
|
| 072 |
|
7 |
|a 821.511.1
|x Ugrofínske literatúry
|2 konspekt
|
| 080 |
|
|
|a 821.511.141-31
|2 2001
|
| 100 |
1 |
|
|a Dénes, Zsófia,
|d 1885-1987
|4 aut
|9 114972
|
| 245 |
1 |
0 |
|a Zrínyi Ilona
|b regény
|c Dénes Zsófia
|
| 250 |
|
|
|a 2. vyd.
|
| 260 |
|
|
|a Budapest
|b Móra Ferenc Könyvkiadó
|c 1964
|
| 300 |
|
|
|a 278 s.
|c 20 cm
|
| 366 |
|
|
|e 37 200 výt.
|
| 655 |
|
7 |
|a maďarské romány
|2 SNKPH
|9 70321
|
| 655 |
|
7 |
|a Hungarian fiction
|2 SNKPHeng
|9 277893
|
| 852 |
|
|
|a Slovenská národná knižnica
|
| 954 |
|
|
|a beletria cudzojazyčná (svetová)
|2 lita
|
| 958 |
|
|
|a EUIPO
|
| 958 |
|
|
|a OND
|
| 958 |
|
|
|a ZS
|
| 958 |
|
|
|a SK
|
| 958 |
|
|
|a HU
|
| 958 |
|
|
|a LX
|
| 999 |
|
|
|c 570902
|d 572832
|
| 952 |
|
|
|a SNK
|b SNK
|y PREZ
|7 0
|p 17A0570934
|o snkSD 77846
|i snk2008/21057
|8 1
|0 0
|1 0
|4 0
|d 2008-10-29
|f 1
|l 0
|r 2025-11-25 00:00:00
|w 2026-02-23
|